000 01993cam a22005174i 4500
003 PE-LiUPU
005 20250731165449.0
008 170529s2014 sp r 000 0 spa d
020 _a8415683979
020 _a9788415683971
035 _a(Sirsi) a204088
040 _aPE-LiUPU
_bspa
_cPE-LiUPU
_erda
049 _aPRUA
082 0 4 _a005.8
_bM43
_220
100 1 _aMerino Bada, Cristina,
_eautor.
245 1 0 _aAuditoría de sistemas de gestión de seguridad de la información (SGSI) /
_cMerino Bada Cristina.
264 1 _aEspaña :
_bFundación Confemental,
_c2014.
300 _a264 páginas :
_bIlutraciones ;
_c23 centímetros
336 _atext
_2rdacontent
337 _aunmediated
_2rdamedia
338 _avolume
_2rdacarrier
505 0 _aSistema de gestión de seguridad de la información -- Conceptos generales de auditoría de tecnologías de la información -- Auditoría de sistemas de gestión -- Proyecto de auditoría de un SGSI -- Técnicas de auditoría -- Anexos.
526 _aSEG44
526 _aSEG26
526 _aP151
526 _aP150
526 _aP149
526 _aP146
526 _aP145
526 _aP126
526 _aP125
526 _aP92
526 _aP75
526 _aP74
526 _aP27
526 _aP15
541 _g0020-0002446;
650 1 7 _aSeguridad informática
_xAuditoría
_2embne
700 1 _aCanirares Sales, Ricardo,
_eautor.
910 _ajck
_bncf
_cncf
_d20170529
942 _2ddc
_cBOOK
949 _a005.8 M43
_wDEWEY
_c1
_i75798
_lCCODEBUL1
_mBUL
_p30.23
_r0
_sY
_tBOOK
_u2017-05-29
_xINGENIERIA
_PP27
_0COMPRA
_o.STAFF. Colección Ingeniería y Arquitectura
994 _aC0
_bPEPRU
596 _a1
999 _a005.8 M43
_wDEWEY
_c20464
_i75798
_d20464
_e2017-10-20
_f2021-11-9
_g4
_lCCODEBUL1
_mBUL
_n1
_p30.23
_r0
_sY
_tBOOK
_u2017-5-29
_xINGENIERIA
_PP27
_0COMPRA
_o.STAFF. Colección Ingeniería y Aquitectura
980 _81
_gALBERTO SANCHEZ Responsable de Automatización